Adobe audition CS6 : (Record no. 20411)
[ view plain ]
| 000 -LEADER | |
|---|---|
| fixed length control field | 00930cam a22002655a 4500 |
| 001 - CONTROL NUMBER | |
| control field | 17523337 |
| 005 - DATE AND TIME OF LATEST TRANSACTION | |
| control field | 20170927111550.0 |
| 008 - FIXED-LENGTH DATA ELEMENTS--GENERAL INFORMATION | |
| fixed length control field | 121108t2013 caua fr 001 0 eng d |
| 020 ## - INTERNATIONAL STANDARD BOOK NUMBER | |
| International Standard Book Number | 9780321832832 |
| 020 ## - INTERNATIONAL STANDARD BOOK NUMBER | |
| International Standard Book Number | 0321832833 |
| 040 ## - CATALOGING SOURCE | |
| Original cataloging agency | BTCTA |
| Language of cataloging | eng |
| Transcribing agency | BTCTA |
| Modifying agency | YDXCP |
| -- | BWX |
| -- | GL5 |
| -- | DLC |
| -- | EG-ScBUE |
| 082 04 - DEWEY DECIMAL CLASSIFICATION NUMBER | |
| Edition number | 22 |
| Classification number | 006.5 |
| Item number | ADO |
| 245 00 - TITLE STATEMENT | |
| Title | Adobe audition CS6 : |
| Remainder of title | classroom in a book : the official training workbook from adobe systems. |
| 260 ## - PUBLICATION, DISTRIBUTION, ETC. (IMPRINT) | |
| Place of publication, distribution, etc | San Francisco : |
| Name of publisher, distributor, etc | Adobe Press Books / Peachpit / Pearson Education, |
| Date of publication, distribution, etc | c.2013 |
| 300 ## - PHYSICAL DESCRIPTION | |
| Extent | viii, 293 p. : |
| Other physical details | ill. (col.) ; |
| Dimensions | 24 cm. + |
| Accompanying material | 1 CD-ROM (4 3/4 in.) |
| 490 0# - SERIES STATEMENT | |
| Series statement | Classroom in a book |
| 500 ## - GENERAL NOTE | |
| General note | CD-ROM included for Windows and Mac OS. |
| 500 ## - GENERAL NOTE | |
| General note | Index : p. 283-291. |
| 630 00 - SUBJECT ADDED ENTRY--UNIFORM TITLE | |
| Uniform title | Adobe Audition. |
| 650 #0 - SUBJECT ADDED ENTRY--TOPICAL TERM | |
| Topical term or geographic name as entry element | Digital audio editors. |
| Source of heading or term | BUEsh |
| 651 ## - SUBJECT ADDED ENTRY--GEOGRAPHIC NAME | |
| Source of heading or term | BUEsh |
| 653 ## - INDEX TERM--UNCONTROLLED | |
| Resource For college | Communication and mass media |
| Arrived date list | August2015 |
| -- | December2015 |
| 710 2# - ADDED ENTRY--CORPORATE NAME | |
| Corporate name or jurisdiction name as entry element | Adobe Systems. |
| 9 (RLIN) | 18543 |
| 942 ## - ADDED ENTRY ELEMENTS (KOHA) | |
| Source of classification or shelving scheme | Dewey Decimal Classification |
| Withdrawn status | Lost status | Source of classification or shelving scheme | Damaged status | Not for loan | Koha collection | Home library | Current library | Shelving location | Date acquired | Source of acquisition | Cost, normal purchase price | Serial Enumeration / chronology | Total Checkouts | Full call number | Barcode | Date last seen | Cost, replacement price | Koha item type |
|---|---|---|---|---|---|---|---|---|---|---|---|---|---|---|---|---|---|---|
| Dewey Decimal Classification | Baccah | Central Library | Central Library | Lower Floor | 02/08/2015 | Purchase | 480.00 | 21763 | 006.5 ADO | 000030677 | 15/07/2025 | 600.00 | Book - Borrowing | |||||
| Dewey Decimal Classification | Baccah | Central Library | Central Library | Lower Floor | 02/08/2015 | Purchase | 480.00 | 21763 | 006.5 ADO | 000031472 | 24/08/2022 | 600.00 | CD | DVD - With book |